Effective speaking / (Record no. 293493)
[ view plain ]
| 000 -LEADER | |
|---|---|
| fixed length control field | 00495nam a2200193Ia 4500 |
| 008 - FIXED-LENGTH DATA ELEMENTS--GENERAL INFORMATION | |
| fixed length control field | 160418s9999 xx 000 0 und d |
| 020 ## - INTERNATIONAL STANDARD BOOK NUMBER | |
| International Standard Book Number | 971-23-0392-6 |
| 050 ## - LIBRARY OF CONGRESS CALL NUMBER | |
| Classification number | FIL PN 4121 |
| 050 ## - LIBRARY OF CONGRESS CALL NUMBER | |
| Item number | .C37 1981 |
| 100 ## - MAIN ENTRY--PERSONAL NAME | |
| Personal name | Carpio, Rustica C. |
| 245 ## - TITLE STATEMENT | |
| Title | Effective speaking / |
| 245 ## - TITLE STATEMENT | |
| Statement of responsibility, etc | Rustica C. Carpio, Anacleta M. Encarnacion. |
| 260 ## - PUBLICATION, DISTRIBUTION, ETC. (IMPRINT) | |
| Place of publication, distribution, etc | Manila : |
| 260 ## - PUBLICATION, DISTRIBUTION, ETC. (IMPRINT) | |
| Name of publisher, distributor, etc | Rex Book Store, Inc., |
| 260 ## - PUBLICATION, DISTRIBUTION, ETC. (IMPRINT) | |
| Date of publication, distribution, etc | 1981 |
| 300 ## - PHYSICAL DESCRIPTION | |
| Extent | 405 pages : |
| 300 ## - PHYSICAL DESCRIPTION | |
| Dimensions | 22 cm. |
| 650 ## - SUBJECT ADDED ENTRY--TOPICAL TERM | |
| Topical term or geographic name as entry element | Public speaking. |
| Withdrawn status | Lost status | Damaged status | Home library | Current library | Shelving location | Date acquired | Total Checkouts | Full call number | Barcode | Date last seen | Price effective from | Koha item type |
|---|---|---|---|---|---|---|---|---|---|---|---|---|
| South Mansfield College | South Mansfield College | Filipiniana Section | FIL PN 4121 .C37 1981 | SMC00015 | 04/18/2016 | 04/18/2016 |